LABORATORY MANUAL FOR MAJORS GENERAL BIOLOGY (Record no. 216340)

MARC details
000 -LEADER
fixed length control field 00516nam a22001817a 4500
008 - FIXED-LENGTH DATA ELEMENTS--GENERAL INFORMATION
fixed length control field 251205b |||||||| |||| 00| 0 eng d
020 ## - INTERNATIONAL STANDARD BOOK NUMBER
International Standard Book Number 13:978-0-495-11505-2
050 ## - LIBRARY OF CONGRESS CALL NUMBER
Classification number QH 317.P47 2009
100 ## - MAIN ENTRY--PERSONAL NAME
Personal name PERRY JAMES
245 ## - TITLE STATEMENT
Title LABORATORY MANUAL FOR MAJORS GENERAL BIOLOGY
260 ## - PUBLICATION, DISTRIBUTION, ETC.
Place of publication, distribution, etc. AUSTRALIA
Name of publisher, distributor, etc. CENGAGE
Date of publication, distribution, etc. 2009
300 ## - PHYSICAL DESCRIPTION
Extent X,700
500 ## - GENERAL NOTE
General note INCLUDES APPENDIX
650 ## - SUBJECT ADDED ENTRY
Topical term or geographic name entry element Biology labaratory manuals-life sciences experiments
700 ## - ADDED ENTRY--PERSONAL NAME
Personal name MORTON DAVID
942 ## - ADDED ENTRY ELEMENTS (KOHA)
Source of classification or shelving scheme Library of Congress Classification
Koha item type Long Loan Book
Holdings
Withdrawn status Lost status Source of classification or shelving scheme Damaged status Not for loan Collection Home library Current library Shelving location Date acquired Inventory number Total checkouts Full call number Barcode Date last seen Copy number Price effective from Koha item type
    Library of Congress Classification     Science & Technology Kisii University Library Kisii University Library On Display 12/05/2025 110351   QH 317.P47 2009 000000002946 12/05/2025 C.4 12/05/2025 Long Loan Book
    Library of Congress Classification     Science & Technology Kisii University Library Kisii University Library On Display 12/05/2025 110350   QH 317.P47 2009 000000002945 12/05/2025 C.3 12/05/2025 Long Loan Book
    Library of Congress Classification     Science & Technology Kisii University Library Kisii University Library On Display 12/05/2025 110349   QH 317.P47 2009 000000002819 12/05/2025 C.2 12/05/2025 Long Loan Book
    Library of Congress Classification     Science & Technology Kisii University Library Kisii University Library On Display 12/05/2025 110348   QH 317.P47 2009 000000002820 12/05/2025 C.1 12/05/2025 Long Loan Book